| 000 | 00388nam a2200145 i 4500 | ||
|---|---|---|---|
| 001 | 79441 | ||
| 003 | ES-MaACL | ||
| 005 | 20230906173958.0 | ||
| 007 | t| | ||
| 008 | 170426s1907 cl ||||1| spa d | ||
| 245 | 0 | 3 | _aLa Oficina de estadÃstica de trabajo. |
| 260 |
_aSantiago de Chile : _b[s.n.], _c1907 ( _fImp. Cervantes) |
||
| 300 |
_a75 p. ; _c20 cm. |
||
| 852 |
_aES-MaACL _jT-1194-F-6 |
||
| 999 |
_c79441 _d79441 |
||